Statistiques concernant Du nord au sud

Cliquez ici pour prendre le quiz!

Statistiques générales

  • Ce quiz a été pris 105 fois
  • Le résultat moyen est 16 sur 26

Statistiques - réponses

HintRéponse% Correct
Là-bas c'était les corons, selon Pierre BacheletNord
98%
Nino Ferre le chante très bienSud
93%
Extrémité d'une surfaceBord
85%
Le vampire le faitMord
80%
Elle est souvent au chocolat, à la vanille ou à la fraiseGlace
78%
Femme d'HomerMarge
78%
Macron l'a été deux foisElu
77%
Quelque chose s'achèveFin
73%
Mot anglais qui signifie l'amusementFun
73%
On y forme les hauts-fonctionnaires de l'Etat français (enlever une lettre)Ena
67%
Femme de JosephMarie
67%
Absorbe un alimentMange
64%
Chef-lieu du département des Alpes MaritimesNice
63%
RapaceAigle
62%
Un livre pour enfant en contientImage
60%
Proche du caribou (enlever une lettre)Elan
56%
Elle au masculinLui
56%
Partie d'une égliseNef
56%
Michel, Raphaël ou GabrielAnge
52%
C'est en vogueMode
50%
L'emporte (ajouter une lettre)Gagne
40%
On peut en avoir une bonne ou mauvaiseMine
38%
Une somme peut l'êtreDue
35%
Qui est lié àUni
33%
C'est la moitié d'un toutDemi
29%
Une des villes aux cent clochersCaen
16%

Distribution des résultats

Percentile par nombre de réponses

% des personnes avec chaque résultat

Votre développement - résultats

Vous n’avez pas pris ce quiz